Were These Movies Based on Books? #2 - Statistics

General Stats
  • This quiz has been taken 20,148 times
  • The average score is 12 of 15
Answer Stats
Question Answer % Correct
The Da Vinci Code Based on a book
93%
Dune Based on a book
93%
Avatar Not
89%
Rocky Not
86%
The Shining Based on a book
85%
The Matrix Not
81%
The Notebook Based on a book
79%
Ghostbusters Not
79%
Gone with the Wind Based on a book
78%
Life of Pi Based on a book
77%
Once Upon a Time in Hollywood Not
77%
The Color Purple Based on a book
74%
E.T. the Extra-Terrestrial Not
69%
Thelma & Louise Not
60%
Fight Club Based on a book
56%
No matching quizzes found
Score Distribution
Percent of People with Each Score
Percentile by Number Answered
Your Score History
You have not taken this quiz